[Event "2. Bundesliga West 2015/16"]
[Site "-"]
[Date "2015.10.16"]
[Round "1"]
[Board "4"]
[White "Atlas, Dmitry"]
[Black "Dobosz, Henryk"]
[Result "1-0"]
[WhiteElo "2220"]
[BlackElo "2389"]
[PlyCount "123"]
[EventDate "2015.10.16"]
[EventType "team"]
[EventRounds "11"]
[EventCountry "AUT"]
[WhiteTeam "Hohenems II"]
[BlackTeam "Bregenz"]

1. e4 c5 2. c3 g6 3. d4 cxd4 4. cxd4 d5 5. exd5 Nf6 6. Bb5+ Nbd7 7. d6 exd6 8.
Qe2+ Qe7 9. Nc3 a6 10. Bd3 Nb6 11. Bg5 Qxe2+ 12. Ngxe2 Bg7 13. O-O Be6 14. Rac1
Kd7 15. f4 h6 16. Bh4 Nfd5 17. f5 gxf5 18. Bxf5 Rhf8 19. Be4 f5 20. Bf3 Rac8
21. Rfe1 f4 22. Bf2 Rce8 23. h3 Re7 24. Kh2 Nxc3 25. Nxc3 d5 26. a4 a5 27. Nb5
Rc8 28. b3 Rc6 29. Na7 Rxc1 30. Rxc1 Bf6 31. Nb5 Nc8 32. Nc7 Nb6 33. Rc5 Bf7
34. Nxd5 Nxd5 35. Bxd5 b6 36. Rb5 Re2 37. Kg1 Bxd5 38. Rxd5+ Ke6 39. Rh5 Rd2
40. Rxh6 Rd1+ 41. Kh2 Kf5 42. d5 Rd2 43. Kg1 Rd1+ 44. Kh2 Rd2 45. Bxb6 f3 46.
Kg3 fxg2 47. Kf3 Rb2 48. Bg1 Rxb3+ 49. Kxg2 Ra3 50. d6 Rxa4 51. d7 Ra2+ 52. Bf2
Rd2 53. Rxf6+ Kxf6 54. d8=Q+ Rxd8 55. Bh4+ Ke6 56. Bxd8 a4 57. Ba5 a3 58. Bc3
Kf5 59. Kg3 Kg5 60. h4+ Kh5 61. Kh3 a2 62. Ba1 1-0

[Event "2. Bundesliga West 2015/16"]
[Site "-"]
[Date "2015.10.16"]
[Round "1"]
[Board "5"]
[White "Bezler, Rainer"]
[Black "Hofer, Emilian"]
[Result "1/2-1/2"]
[WhiteElo "2215"]
[BlackElo "2219"]
[PlyCount "140"]
[EventDate "2015.10.16"]
[EventType "team"]
[EventRounds "11"]
[EventCountry "AUT"]
[WhiteTeam "Bregenz"]
[BlackTeam "Hohenems II"]

1. d4 d5 2. c4 c6 3. Nc3 Nf6 4. Nf3 dxc4 5. a4 Bf5 6. Ne5 Nbd7 7. Nxc4 Nb6 8.
Ne5 a5 9. f3 Nfd7 10. Nxd7 Nxd7 11. e4 Bg6 12. Qb3 Qb6 13. Qxb6 Nxb6 14. Be3 e6
15. h4 h5 16. d5 Nd7 17. dxe6 fxe6 18. Bc4 Bc5 19. Bg5 Bf7 20. Rd1 Ne5 21. Bb3
O-O 22. Ke2 Rfe8 23. g3 Bg6 24. Bf4 Nf7 25. Rd7 b6 26. Rhd1 e5 27. Be3 Bxe3 28.
Kxe3 Kf8 29. Rb7 Reb8 30. Rdd7 Rxb7 31. Rxb7 Nd8 32. Rxb6 Ke7 33. Ba2 Kd7 34.
b4 Kc7 35. bxa5 Rxa5 36. Rb2 Nb7 37. Bg8 Nc5 38. Rb4 Ra8 39. Bc4 Kd6 40. Ba2
Kc7 41. Bc4 Kd6 42. Be2 Bf7 43. Bd1 Kc7 44. f4 Kd6 45. Ne2 Rd8 46. Ng1 Kc7 47.
Bc2 Nd7 48. Nf3 Re8 49. Rb1 Bg8 50. Rf1 Bc4 51. Rf2 exf4+ 52. gxf4 Nf6 53. Rg2
Ng4+ 54. Kd4 Be6 55. f5 Rd8+ 56. Kc3 Bc8 57. Nh2 Nxh2 58. Rxh2 Re8 59. Rg2 Re7
60. Rg6 Bd7 61. Kd4 Be8 62. Rg1 Kd6 63. e5+ Rxe5 64. Rxg7 c5+ 65. Kc3 Bxa4 66.
Rg6+ Ke7 67. Bxa4 Rxf5 68. Rg5 Rf4 69. Rxc5 Rxa4 70. Rxh5 Kf6 1/2-1/2

[Event "2. Bundesliga West 2015/16"]
[Site "-"]
[Date "2015.10.16"]
[Round "1"]
[Board "6"]
[White "Uhlmann, David"]
[Black "Poettinger, Harald"]
[Result "0-1"]
[WhiteElo "2082"]
[BlackElo "2212"]
[PlyCount "64"]
[EventDate "2015.10.16"]
[EventType "team"]
[EventRounds "11"]
[EventCountry "AUT"]
[WhiteTeam "Hohenems II"]
[BlackTeam "Bregenz"]

1. d4 d6 2. c4 e5 3. Nc3 exd4 4. Qxd4 Nc6 5. Qd2 Nf6 6. b3 a5 7. a4 Be6 8. e4
g6 9. Bb2 Bg7 10. g3 O-O 11. Bg2 Re8 12. Nge2 Nd7 13. Nd5 Nce5 14. O-O c6 15.
Ndf4 Bxc4 16. Qc2 Bxe2 17. Nxe2 Qb6 18. Rad1 Nc5 19. Nd4 Rad8 20. h3 Ned7 21.
Rb1 Nxe4 22. Rfe1 Nec5 23. Kh2 d5 24. f3 Nf6 25. Qd2 Ne6 26. Bc3 Ra8 27. Qb2
Nh5 28. b4 axb4 29. Nxe6 Bxc3 30. Qxc3 bxc3 31. Rxb6 Rxe6 32. Rxb7 Rxa4 0-1

[Event "2. Bundesliga West 2015/16"]
[Site "-"]
[Date "2015.10.16"]
[Round "1"]
[Board "1"]
[White "Krstic, Uros"]
[Black "Schramm, Christian"]
[Result "0-1"]
[WhiteElo "2428"]
[BlackElo "2397"]
[PlyCount "73"]
[EventDate "2015.10.16"]
[EventType "team"]
[EventRounds "11"]
[EventCountry "AUT"]
[WhiteTeam "Schwarzach"]
[BlackTeam "SIR Bernhard 2"]

1. e4 e6 2. d4 d5 3. Nd2 dxe4 4. Nxe4 Nf6 5. Nxf6+ Qxf6 6. Nf3 h6 7. g3 Bd6 8.
Bg2 O-O 9. O-O Nc6 10. c3 e5 11. dxe5 Nxe5 12. Nxe5 Bxe5 13. Re1 Rb8 14. Be3 b6
15. Qa4 a5 16. Rad1 Be6 17. Qb5 Rfd8 18. a4 Bg4 19. Rxd8+ Rxd8 20. f4 Bd6 21.
Bd4 Qf5 22. Re8+ Rxe8 23. Qxe8+ Bf8 24. Be4 Qd7 25. Bc6 Qd6 26. Qe4 Bd7 27. Bb5
c5 28. Be3 Bxb5 29. axb5 Qd1+ 30. Kg2 Qe2+ 31. Kg1 Qxb2 32. Qc4 Qa1+ 33. Kg2 a4
34. f5 a3 35. f6 a2 36. fxg7 Bxg7 37. Bxh6 0-1

[Event "2. Bundesliga West 2015/16"]
[Site "-"]
[Date "2015.10.16"]
[Round "1"]
[Board "2"]
[White "Nestorovic, Nikola"]
[Black "Roeberg, Frank"]
[Result "1-0"]
[WhiteElo "2470"]
[BlackElo "2249"]
[PlyCount "95"]
[EventDate "2015.10.16"]
[EventType "team"]
[EventRounds "11"]
[EventCountry "AUT"]
[WhiteTeam "SIR Bernhard 2"]
[BlackTeam "Schwarzach"]

1. e4 e5 2. Nf3 Nc6 3. Bb5 f5 4. Bxc6 dxc6 5. Nc3 fxe4 6. Nxe4 Nf6 7. Qe2 Bg4
8. h3 Bxf3 9. Qxf3 Qd5 10. d3 Bb4+ 11. Bd2 Bxd2+ 12. Nxd2 O-O 13. O-O Rae8 14.
Qe3 b6 15. Ne4 Nxe4 16. dxe4 Qe6 17. Qb3 Qxb3 18. axb3 a5 19. Rfd1 Rd8 20. h4
Kf7 21. f3 Ke6 22. Kf2 g6 23. Rxd8 Rxd8 24. Ke3 h6 25. g3 c5 26. f4 h5 27. Rf1
Rf8 28. Rf2 Rf7 29. Rd2 Rf8 30. Rd5 exf4+ 31. gxf4 Ra8 32. Rg5 Kf7 33. f5 gxf5
34. Rxf5+ Ke6 35. Rxh5 a4 36. Rh6+ Ke5 37. Rh5+ Ke6 38. bxa4 Rxa4 39. Rh6+ Ke5
40. Rh5+ Ke6 41. b3 Ra1 42. Rf5 Rh1 43. h5 Rh2 44. Kf4 Rxc2 45. h6 Rh2 46. Kg5
Rg2+ 47. Kh5 Rh2+ 48. Kg6 1-0

[Event "2. Bundesliga West 2015/16"]
[Site "-"]
[Date "2015.10.16"]
[Round "1"]
[Board "3"]
[White "Ruecker, Benjamin"]
[Black "Durakovic, Alman"]
[Result "1/2-1/2"]
[WhiteElo "2269"]
[BlackElo "2314"]
[PlyCount "61"]
[EventDate "2015.10.16"]
[EventType "team"]
[EventRounds "11"]
[EventCountry "AUT"]
[WhiteTeam "Schwarzach"]
[BlackTeam "SIR Bernhard 2"]

1. d4 Nf6 2. c4 c5 3. d5 e6 4. Nc3 exd5 5. cxd5 d6 6. e4 g6 7. h3 Bg7 8. Nf3
O-O 9. Bd3 a6 10. a4 Re8 11. O-O Nbd7 12. Bf4 Nh5 13. Bh2 Ne5 14. Be2 Nxf3+ 15.
Bxf3 Nf6 16. Qd2 Bf8 17. Rfe1 Nd7 18. Be2 Rb8 19. Bf1 Qf6 20. Rad1 g5 21. e5
Nxe5 22. Ne4 Qg6 23. Qxg5 Qxg5 24. Nxg5 Bf5 25. a5 Bg7 26. Ne4 Rbd8 27. Re3
Bxe4 28. Rxe4 f5 29. Re3 Bh6 30. Rb3 Rd7 31. Be2 1/2-1/2

[Event "2. Bundesliga West 2015/16"]
[Site "-"]
[Date "2015.10.16"]
[Round "1"]
[Board "4"]
[White "Pitl, Gregory"]
[Black "Ljubic, Juro"]
[Result "1-0"]
[WhiteElo "2387"]
[BlackElo "2213"]
[PlyCount "61"]
[EventDate "2015.10.16"]
[EventType "team"]
[EventRounds "11"]
[EventCountry "AUT"]
[WhiteTeam "SIR Bernhard 2"]
[BlackTeam "Schwarzach"]

1. e4 c5 2. Nf3 Nc6 3. d4 cxd4 4. Nxd4 g6 5. Nc3 Bg7 6. Nb3 Nf6 7. g4 O-O 8. g5
Ne8 9. h4 Nc7 10. Bg2 e6 11. f4 d5 12. e5 b6 13. Be3 Qd7 14. Qg4 Ba6 15. O-O-O
Ne7 16. Kb1 Nf5 17. Bf2 Rfc8 18. Ne4 Ne8 19. Nf6+ Nxf6 20. gxf6 h5 21. Qf3 Bf8
22. Bh3 Bb7 23. Bxf5 exf5 24. Rhg1 Kh7 25. Nd4 Bc5 26. Rg5 Bxd4 27. Rxh5+ Kg8
28. Bxd4 Qc6 29. Rd2 Qa4 30. Rg5 Rc4 31. Qh5 1-0

[Event "2. Bundesliga West 2015/16"]
[Site "-"]
[Date "2015.10.16"]
[Round "1"]
[Board "5"]
[White "Stoeckl, Norbert"]
[Black "Velickovic, Zoran"]
[Result "1-0"]
[WhiteElo "2094"]
[BlackElo "2398"]
[PlyCount "79"]
[EventDate "2015.10.16"]
[EventType "team"]
[EventRounds "11"]
[EventCountry "AUT"]
[WhiteTeam "Schwarzach"]
[BlackTeam "SIR Bernhard 2"]

1. e4 c5 2. Nf3 g6 3. Nc3 Bg7 4. Bc4 Nc6 5. O-O e6 6. d3 Nge7 7. Bg5 h6 8. Bf4
d6 9. Qc1 a6 10. a3 g5 11. Bd2 d5 12. Ba2 b5 13. Ne2 g4 14. Ne1 h5 15. Nf4 dxe4
16. dxe4 Qd6 17. Be3 c4 18. Rb1 Bb7 19. f3 O-O-O 20. b3 Bd4 21. Kh1 Ne5 22.
bxc4 bxc4 23. c3 Bc5 24. Bxc5 Qxc5 25. Qb2 Qc7 26. Rf2 Rd7 27. Nc2 gxf3 28.
gxf3 Nxf3 29. Qxb7+ Qxb7 30. Rxb7 Rxb7 31. Rxf3 Rb2 32. Nb4 a5 33. Bxc4 axb4
34. axb4 Nc6 35. Ba6+ Kd8 36. Nd3 Rb1+ 37. Kg2 Ke7 38. b5 Rg8+ 39. Kh3 Nb8 40.
Ne5 1-0

[Event "2. Bundesliga West 2015/16"]
[Site "-"]
[Date "2015.10.16"]
[Round "1"]
[Board "6"]
[White "Wieneroiter, Gerald"]
[Black "Cardaklija, Mirsad"]
[Result "1/2-1/2"]
[WhiteElo "2140"]
[BlackElo "2060"]
[PlyCount "85"]
[EventDate "2015.10.16"]
[EventType "team"]
[EventRounds "11"]
[EventCountry "AUT"]
[WhiteTeam "SIR Bernhard 2"]
[BlackTeam "Schwarzach"]

1. Nf3 d5 2. d4 f5 3. Bf4 Nf6 4. e3 e6 5. c4 c6 6. Be2 Bb4+ 7. Nbd2 O-O 8. O-O
Ne4 9. a3 Bd6 10. Bxd6 Qxd6 11. Ne5 Nd7 12. Nxd7 Bxd7 13. Nf3 g5 14. Ne5 g4 15.
f3 gxf3 16. Bxf3 Nf6 17. g4 fxg4 18. c5 Qe7 19. Bxg4 Be8 20. Kh1 Bg6 21. Nxg6
hxg6 22. Bf3 e5 23. Bg2 Kg7 24. Qe1 Rae8 25. Qg3 exd4 26. exd4 Qe3 27. Qh4 g5
28. Qf2 Ng4 29. Qxe3 Nxe3 30. Rf3 Rxf3 31. Bxf3 Rf8 32. Bh5 Nc2 33. Rc1 Nxd4
34. Re1 Kh6 35. Bg4 Nb3 36. Re7 Nxc5 37. b4 Ne4 38. Kg1 Rb8 39. Bf5 g4 40. Bxe4
dxe4 41. Rxe4 Kg5 42. Re7 Kf6 43. Rh7 1/2-1/2

[Event "2. Bundesliga West 2015/16"]
[Site "-"]
[Date "2015.10.16"]
[Round "1"]
[Board "1"]
[White "Krivoborodov, Egor"]
[Black "Bertagnolli, Alexander"]
[Result "0-1"]
[WhiteElo "2522"]
[BlackElo "2343"]
[PlyCount "100"]
[EventDate "2015.10.16"]
[EventType "team"]
[EventRounds "11"]
[EventCountry "AUT"]
[WhiteTeam "ASK Salzburg"]
[BlackTeam "Kufstein/Woergl"]

1. Nf3 c5 2. g3 b5 3. Bg2 Bb7 4. O-O g6 5. d4 cxd4 6. a4 Bg7 7. axb5 e5 8. e3
dxe3 9. Bxe3 d5 10. Rxa7 Rxa7 11. Bxa7 Nd7 12. b4 Ne7 13. Bc5 Qc7 14. Re1 Nxc5
15. bxc5 e4 16. c6 exf3 17. Qxf3 Bc8 18. Qxd5 Qa5 19. Qe4 Be6 20. Qe2 Bg4 21.
f3 Be6 22. Nd2 Bc3 23. Rd1 O-O 24. Ne4 Nd5 25. Kh1 Rb8 26. Bf1 Nc7 27. Nc5 Bd5
28. Nb7 Qxb5 29. Qxb5 Bxf3+ 30. Bg2 Bxg2+ 31. Kxg2 Nxb5 32. Rd5 Na7 33. Nd6 Rb2
34. Kh3 Bb4 35. Nxf7 Nxc6 36. Rd7 Be7 37. Ne5 Nxe5 38. Rxe7 Nc6 39. Re2 Nd4 40.
Rd2 Nxc2 41. Kh4 Rb4+ 42. Kg5 Rb5+ 43. Kf6 Rf5+ 44. Ke6 Ne3 45. h3 Rf3 46. g4
Rxh3 47. Rd8+ Kg7 48. g5 Rf3 49. Rd7+ Kg8 50. Rd3 Rf8 0-1

[Event "2. Bundesliga West 2015/16"]
[Site "-"]
[Date "2015.10.16"]
[Round "1"]
[Board "2"]
[White "Levushkina, Elena"]
[Black "Harringer, Franz"]
[Result "1-0"]
[WhiteElo "2299"]
[BlackElo "2239"]
[PlyCount "132"]
[EventDate "2015.10.16"]
[EventType "team"]
[EventRounds "11"]
[EventCountry "AUT"]
[WhiteTeam "Kufstein/Woergl"]
[BlackTeam "ASK Salzburg"]

1. e4 d6 2. d4 Nf6 3. Nc3 g6 4. f4 Bg7 5. Nf3 O-O 6. Bd3 Nc6 7. e5 dxe5 8. dxe5
Nd5 9. Nxd5 Qxd5 10. Qe2 Bg4 11. Be4 Qd7 12. Be3 Nd4 13. Bxd4 Bxf3 14. Qxf3
Qxd4 15. c3 Qb6 16. O-O-O Rad8 17. h4 f5 18. Bxb7 Rb8 19. Bd5+ e6 20. Bb3 a5
21. Rd4 Rfe8 22. Qe2 Bf8 23. h5 Rbd8 24. hxg6 hxg6 25. Rhd1 Rxd4 26. Rxd4 Bc5
27. Rd3 Kg7 28. g4 Qc6 29. Qd1 Re7 30. gxf5 exf5 31. Bd5 Qb6 32. Qe2 Re8 33.
Rh3 Rh8 34. Rxh8 Kxh8 35. Qh2+ Kg7 36. Qh4 Bf8 37. Kc2 a4 38. Qe1 Qc5 39. Qd2
a3 40. b4 Qg1 41. Kb3 Be7 42. Bc4 Qb1+ 43. Kxa3 c5 44. b5 Qe4 45. Kb3 Qb1+ 46.
Ka4 Qe4 47. Qd5 Qc2+ 48. Ka5 Qxc3+ 49. Ka6 Kh6 50. Qg8 Kh5 51. Be2+ Kh4 52.
Qh7+ Kg3 53. Qxe7 Qa3+ 54. Kb6 Qxa2 55. Qg5+ Kf2 56. Qh4+ Ke3 57. Qg3+ Kd2 58.
Qd3+ Ke1 59. Qc4 Qd2 60. Kxc5 Qe3+ 61. Kc6 g5 62. b6 gxf4 63. b7 Qxe5 64. Bf3
Qf6+ 65. Kc7 Qe7+ 66. Kb6 Qd8+ 1-0

[Event "2. Bundesliga West 2015/16"]
[Site "-"]
[Date "2015.10.16"]
[Round "1"]
[Board "3"]
[White "Besner, Bernhard"]
[Black "Koepke, Christian"]
[Result "0-1"]
[WhiteElo "2211"]
[BlackElo "2322"]
[PlyCount "48"]
[EventDate "2015.10.16"]
[EventType "team"]
[EventRounds "11"]
[EventCountry "AUT"]
[WhiteTeam "ASK Salzburg"]
[BlackTeam "Kufstein/Woergl"]

1. e4 c5 2. c3 d5 3. exd5 Qxd5 4. d4 g6 5. Nf3 Bg7 6. Na3 cxd4 7. Bc4 Qe4+ 8.
Be3 Nh6 9. cxd4 O-O 10. Nb5 Nc6 11. Bd3 Qd5 12. Qd2 Qh5 13. h3 Ng4 14. Bf4 e5
15. dxe5 Ngxe5 16. Nxe5 Bxe5 17. O-O Rd8 18. Nc7 Bf5 19. Bxe5 Nxe5 20. Nxa8
Rxd3 21. Qf4 Rxh3 22. gxh3 Nf3+ 23. Qxf3 Qxf3 24. Kh2 Be4 0-1

[Event "2. Bundesliga West 2015/16"]
[Site "-"]
[Date "2015.10.16"]
[Round "1"]
[Board "4"]
[White "Maurer, Jochen"]
[Black "Juergens, Klaus"]
[Result "1-0"]
[WhiteElo "2254"]
[BlackElo "2161"]
[PlyCount "107"]
[EventDate "2015.10.16"]
[EventType "team"]
[EventRounds "11"]
[EventCountry "AUT"]
[WhiteTeam "Kufstein/Woergl"]
[BlackTeam "ASK Salzburg"]

1. e4 c5 2. Nf3 g6 3. c3 Bg7 4. d4 cxd4 5. cxd4 d5 6. exd5 Nf6 7. Nc3 O-O 8.
Bc4 Nbd7 9. O-O Nb6 10. Bb3 Nbxd5 11. Re1 e6 12. Bg5 Qa5 13. Qd2 Nxc3 14. bxc3
Bd7 15. Ne5 Qc7 16. Rac1 Bc6 17. Bf4 Qa5 18. Nxc6 bxc6 19. Be5 Nd5 20. h4 Bxe5
21. Rxe5 Qd8 22. h5 Nf6 23. f3 Nxh5 24. g4 Nf6 25. Kg2 Kg7 26. Rh1 h5 27. gxh5
Nxh5 28. Rg5 Rh8 29. Qe3 Qf6 30. Rg4 Rae8 31. Qe5 Qxe5 32. dxe5 Rd8 33. Kf2
Rd2+ 34. Ke3 Rd7 35. Ba4 Rc7 36. Rd1 Rb8 37. Rd6 Rb6 38. Kd4 Kf8 39. Kc5 Ng7
40. Rxc6 Rcxc6+ 41. Bxc6 Rb2 42. Ra4 Re2 43. Rxa7 Rxe5+ 44. Kb6 Nf5 45. a4 Nd6
46. Ra8+ Ke7 47. Bb5 f5 48. c4 Re3 49. c5 Nf7 50. Re8+ Kf6 51. c6 Rc3 52. c7
Nd6 53. Rd8 Ke5 54. Bc6 1-0

[Event "2. Bundesliga West 2015/16"]
[Site "-"]
[Date "2015.10.16"]
[Round "1"]
[Board "5"]
[White "Loeffler, Christoph"]
[Black "Neuschmied, Siegfried"]
[Result "1-0"]
[WhiteElo "2159"]
[BlackElo "2246"]
[PlyCount "57"]
[EventDate "2015.10.16"]
[EventType "team"]
[EventRounds "11"]
[EventCountry "AUT"]
[WhiteTeam "ASK Salzburg"]
[BlackTeam "Kufstein/Woergl"]

1. e4 g6 2. d4 d6 3. c3 Bg7 4. Nf3 Nf6 5. Bd3 O-O 6. O-O c5 7. Bg5 cxd4 8. Nxd4
Nbd7 9. Nd2 Nc5 10. Bc2 b6 11. Re1 Ba6 12. N2f3 Qc7 13. e5 dxe5 14. Nxe5 Rfe8
15. b4 Ncd7 16. Nxd7 Qxd7 17. Bb3 Rad8 18. Qc2 Qg4 19. h4 Nd5 20. Nc6 Bb7 21.
Bxd5 Rxd5 22. f3 Qc8 23. Nxe7+ Rxe7 24. Rxe7 h6 25. Rae1 Bc6 26. Bd2 Bd4+ 27.
Be3 Bf6 28. Re4 Bxh4 29. Rxh4 1-0

[Event "2. Bundesliga West 2015/16"]
[Site "-"]
[Date "2015.10.16"]
[Round "1"]
[Board "6"]
[White "Kranewitter, Norbert"]
[Black "Herrmann, Michael"]
[Result "1/2-1/2"]
[WhiteElo "2049"]
[BlackElo "2103"]
[PlyCount "138"]
[EventDate "2015.10.16"]
[EventType "team"]
[EventRounds "11"]
[EventCountry "AUT"]
[WhiteTeam "Kufstein/Woergl"]
[BlackTeam "ASK Salzburg"]

1. e4 c6 2. d4 d5 3. exd5 cxd5 4. c4 Nf6 5. Nc3 Nc6 6. Bg5 e6 7. Nf3 Be7 8. c5
O-O 9. Bb5 Ne4 10. Bxe7 Nxe7 11. Rc1 Bd7 12. Bd3 f5 13. O-O Ng6 14. b4 Qf6 15.
Ne2 Rfd8 16. b5 Rac8 17. Qb3 Be8 18. Rc2 e5 19. Rfc1 Nxc5 20. Rxc5 Rxc5 21.
Rxc5 e4 22. Rxd5 Rxd5 23. Bc4 exf3 24. Bxd5+ Bf7 25. Qxf3 h6 26. Bxf7+ Qxf7 27.
Qb3 Qxb3 28. axb3 Kf7 29. g3 Ke6 30. Kg2 Ne7 31. Kf3 g5 32. Ke3 Nd5+ 33. Kd3
Kd6 34. Ng1 Nf6 35. f3 Nd5 36. Ne2 Nb4+ 37. Kc3 Nd5+ 38. Kd2 Ne7 39. Nc3 Nc8
40. Kd3 Nb6 41. g4 fxg4 42. fxg4 Nd7 43. Ke4 Ke6 44. d5+ Kf6 45. Kd4 b6 46.
Ne4+ Ke7 47. b4 Nf8 48. Ng3 Kf6 49. h3 Ng6 50. Nh5+ Ke7 51. Ng7 Nf4 52. Ke5
Nxh3 53. Nf5+ Kd7 54. Nxh6 Nf2 55. Kd4 Kd6 56. Nf7+ Ke7 57. Nxg5 Nxg4 58. Nf3
Kd6 59. Nd2 Nh6 60. Nc4+ Kd7 61. Ke5 Ng8 62. Kd4 Ne7 63. d6 Ng6 64. Ke4 Ke6 65.
Kd4 Nf8 66. Ke4 Nd7 67. Kd4 Nb8 68. Ke4 Nd7 69. Kd4 Nb8 1/2-1/2

[Event "2. Bundesliga West 2015/16"]
[Site "-"]
[Date "2015.10.17"]
[Round "2"]
[Board "1"]
[White "Votava, Jan"]
[Black "Eybl, Alexander"]
[Result "1-0"]
[WhiteElo "2524"]
[BlackElo "2240"]
[PlyCount "89"]
[EventDate "2015.10.16"]
[EventType "team"]
[EventRounds "11"]
[EventCountry "AUT"]
[WhiteTeam "Zillertal"]
[BlackTeam "Pradl"]

1. d4 Nf6 2. c4 g6 3. Nf3 Bg7 4. g3 O-O 5. Bg2 c6 6. O-O d5 7. Qa4 Bf5 8. Nc3
Nbd7 9. cxd5 Nxd5 10. Re1 N7b6 11. Qb3 Nxc3 12. bxc3 Be4 13. Ba3 Re8 14. Nd2
Bxg2 15. Kxg2 e5 16. e3 Qd5+ 17. Kg1 exd4 18. cxd4 Qxb3 19. axb3 Bf8 20. Nc4
Nd5 21. Bxf8 Kxf8 22. Kf1 a6 23. Rec1 Rad8 24. Ne5 Nc7 25. Nd3 Nb5 26. Rc5 Re7
27. Kg2 Nc7 28. g4 h6 29. h4 Kg7 30. h5 Rd5 31. hxg6 fxg6 32. Rac1 Rd6 33. Ne5
Rd8 34. Rh1 Rd5 35. Rhc1 Rd8 36. f4 Ne6 37. Ra5 Kf6 38. Kg3 Nc7 39. Rh1 Kg7 40.
Ra2 Nd5 41. Rah2 Rh8 42. Kf3 Ree8 43. e4 Nf6 44. b4 Rd8 45. Rxh6 1-0

[Event "2. Bundesliga West 2015/16"]
[Site "-"]
[Date "2015.10.17"]
[Round "2"]
[Board "2"]
[White "Doskocil, Klaus"]
[Black "Hausner, Ivan"]
[Result "0-1"]
[WhiteElo "2251"]
[BlackElo "2332"]
[PlyCount "58"]
[EventDate "2015.10.16"]
[EventType "team"]
[EventRounds "11"]
[EventCountry "AUT"]
[WhiteTeam "Pradl"]
[BlackTeam "Zillertal"]

1. e4 c5 2. Nc3 Nc6 3. g3 g6 4. d3 Bg7 5. Be3 d6 6. Qd2 e6 7. Bg2 Rb8 8. Nge2
Nd4 9. O-O b5 10. Nd1 Nxe2+ 11. Qxe2 Ne7 12. f4 O-O 13. c3 b4 14. e5 Ba6 15.
Nf2 bxc3 16. bxc3 dxe5 17. fxe5 Bxe5 18. Bxc5 Bxc3 19. Bxa7 Rb2 20. Qd1 Bd4 21.
Bxd4 Qxd4 22. a4 Nf5 23. Qf3 Bb7 24. Qxb7 Rxb7 25. Bxb7 Rb8 26. Bc6 Rb2 27.
Rab1 Ra2 28. Rbc1 Ne3 29. Rfe1 Ng4 0-1

[Event "2. Bundesliga West 2015/16"]
[Site "-"]
[Date "2015.10.17"]
[Round "2"]
[Board "3"]
[White "Tabernig, Bernhard"]
[Black "Sucher, Johannes"]
[Result "1-0"]
[WhiteElo "2328"]
[BlackElo "2169"]
[PlyCount "83"]
[EventDate "2015.10.16"]
[EventType "team"]
[EventRounds "11"]
[EventCountry "AUT"]
[WhiteTeam "Zillertal"]
[BlackTeam "Pradl"]

1. d4 Nf6 2. c4 e5 3. dxe5 Ng4 4. Bf4 g5 5. Bd2 Nxe5 6. Bc3 Bg7 7. e3 O-O 8. h4
d6 9. hxg5 Qxg5 10. Nf3 Qg6 11. Nh4 Qh6 12. Be2 Be6 13. Nd2 Nbc6 14. Qc2 Ng6
15. g3 a5 16. f4 Nxh4 17. O-O-O Nb4 18. Bxb4 axb4 19. Rxh4 Qg6 20. Bd3 f5 21.
Kb1 Ra7 22. Nb3 Rfa8 23. Nc1 b5 24. g4 Qf7 25. gxf5 Bxc4 26. Bxc4 bxc4 27. f6
Qxf6 28. Qxc4+ Kf8 29. Rh2 Ra5 30. Rd5 Qe6 31. Rxa5 Qxc4 32. Rxa8+ Kf7 33. Rc2
Qe4 34. Ra7 Kf6 35. Raxc7 Qxe3 36. R7c4 Bh6 37. Rxb4 Bxf4 38. a4 h5 39. a5 d5
40. a6 Bg3 41. Rc3 Qa7 42. Rf3+ 1-0

[Event "2. Bundesliga West 2015/16"]
[Site "-"]
[Date "2015.10.17"]
[Round "2"]
[Board "4"]
[White "Lins, Philipp"]
[Black "Kupfner, Franz"]
[Result "1-0"]
[WhiteElo "2044"]
[BlackElo "2200"]
[PlyCount "75"]
[EventDate "2015.10.16"]
[EventType "team"]
[EventRounds "11"]
[EventCountry "AUT"]
[WhiteTeam "Pradl"]
[BlackTeam "Zillertal"]

1. Nf3 c5 2. g3 Nc6 3. c4 g6 4. Nc3 Bg7 5. Bg2 e6 6. O-O Nge7 7. d3 O-O 8. Bg5
h6 9. Bd2 d6 10. a3 Rb8 11. Rb1 b6 12. b4 Bb7 13. Nb5 a6 14. Nc3 Nd4 15. e4 Bc6
16. b5 axb5 17. Nxd4 cxd4 18. Nxb5 d5 19. cxd5 exd5 20. Bf4 Ra8 21. h4 dxe4 22.
dxe4 Qd7 23. Qb3 Ra5 24. Nc7 Kh7 25. Qxb6 Rxa3 26. Nb5 Ra4 27. Rfd1 d3 28. Qc5
Bxe4 29. Bxe4 Rxe4 30. Nd6 Bd4 31. Nxe4 Rc8 32. Qd6 Qa7 33. Rxd3 Nf5 34. Qd5
Bxf2+ 35. Nxf2 Rc2 36. Rd2 Rc3 37. Rb7 Qa1+ 38. Rd1 1-0

[Event "2. Bundesliga West 2015/16"]
[Site "-"]
[Date "2015.10.17"]
[Round "2"]
[Board "5"]
[White "Schiestl, Josef"]
[Black "Praxmarer, Christian"]
[Result "1/2-1/2"]
[WhiteElo "2128"]
[BlackElo "1992"]
[PlyCount "101"]
[EventDate "2015.10.16"]
[EventType "team"]
[EventRounds "11"]
[EventCountry "AUT"]
[WhiteTeam "Zillertal"]
[BlackTeam "Pradl"]

1. e4 e6 2. d4 d5 3. Nd2 Nf6 4. e5 Nfd7 5. Bd3 c5 6. c3 Nc6 7. Ne2 cxd4 8. cxd4
f6 9. exf6 Nxf6 10. Nf3 Bd6 11. O-O Qc7 12. Ng3 O-O 13. Bg5 g6 14. Rc1 Qg7 15.
Qd2 Ng4 16. Be2 h6 17. Be3 Nxe3 18. fxe3 Bd7 19. Bd3 Rac8 20. Bb1 Ne7 21. Rxc8
Rxc8 22. Ne2 Bb5 23. Rf2 Nf5 24. a3 Qc7 25. Nc3 Be8 26. Ne2 Kg7 27. g3 g5 28.
Rf1 Qb6 29. Bxf5 exf5 30. Ne5 Qb3 31. Rc1 Rxc1+ 32. Nxc1 Qa4 33. Ncd3 Bh5 34.
Kf2 Qd1 35. Qxd1 Bxd1 36. Ke1 Ba4 37. Kd2 Kf6 38. b4 Bb5 39. Kc3 h5 40. Nf3 b6
41. Kd2 Ba4 42. Ke2 Bb5 43. Nfe1 Bc4 44. Kf2 Ke6 45. Nb2 b5 46. Nbd3 Bxd3 47.
Nxd3 Kf6 48. Kf3 g4+ 49. Kf2 h4 50. Nf4 Bxf4 51. exf4 1/2-1/2

[Event "2. Bundesliga West 2015/16"]
[Site "-"]
[Date "2015.10.17"]
[Round "2"]
[Board "6"]
[White "Niedermair, Hannes"]
[Black "Kroell, Johannes"]
[Result "1/2-1/2"]
[WhiteElo "1990"]
[BlackElo "2196"]
[PlyCount "114"]
[EventDate "2015.10.16"]
[EventType "team"]
[EventRounds "11"]
[EventCountry "AUT"]
[WhiteTeam "Pradl"]
[BlackTeam "Zillertal"]

1. Nf3 b5 2. g3 Bb7 3. Bg2 g5 4. c4 bxc4 5. Qa4 g4 6. Nh4 Bxg2 7. Nxg2 Nf6 8.
Na3 Qc8 9. Nxc4 Qa6 10. Qxa6 Nxa6 11. h3 Bg7 12. hxg4 Nxg4 13. Nf4 O-O 14. Nh5
Bh8 15. Rh4 f5 16. f3 Ne5 17. Nxe5 Bxe5 18. d4 Bd6 19. Bd2 Nb4 20. Bxb4 Bxb4+
21. Kf2 e6 22. Nf4 Be7 23. Rh3 Bf6 24. e3 Rab8 25. b3 c5 26. Rd1 cxd4 27. exd4
Rfc8 28. Rd2 Rb4 29. Ne2 a5 30. Rh1 a4 31. bxa4 Rxa4 32. Rb1 Rc7 33. f4 Rca7
34. Rbb2 Kf7 35. Rbc2 Ke7 36. Rb2 h5 37. Rbc2 h4 38. gxh4 Bxh4+ 39. Kf1 Ra3 40.
d5 Bf6 41. dxe6 dxe6 42. Kg2 e5 43. Nc3 exf4 44. Nd5+ Kf7 45. Nxf4 Bg5 46. Rf2
Bh4 47. Rfe2 Rg3+ 48. Kh2 Rg4 49. Nd3 Bg3+ 50. Kg2 Kf6 51. Rc6+ Kg5 52. Ree6
Bf4+ 53. Kf1 Rxa2 54. Nf2 Rh4 55. Re8 Rh1+ 56. Kg2 Rh2+ 57. Kf1 Rh1+ 1/2-1/2

[Event "2. Bundesliga West 2015/16"]
[Site "-"]
[Date "2015.10.17"]
[Round "2"]
[Board "1"]
[White "Berchtenbreiter, Maximilian"]
[Black "Spornberger, Maximilian"]
[Result "1-0"]
[WhiteElo "2384"]
[BlackElo "2347"]
[PlyCount "62"]
[EventDate "2015.10.16"]
[EventType "team"]
[EventRounds "11"]
[EventCountry "AUT"]
[WhiteTeam "SPG Voels/HAK/HAS Innsbruck"]
[BlackTeam "Rochade Rum"]

1. e4 e6 2. d4 d5 3. Nc3 Bb4 4. e5 c5 5. Bd2 cxd4 6. Nb5 Bc5 7. b4 Bf8 8. Nxd4
Nc6 9. Nxc6 bxc6 10. Nf3 Ne7 11. Bd3 Qc7 12. Qe2 c5 13. bxc5 Nc6 14. c4 d4 15.
O-O Bxc5 16. Rab1 Ba6 17. Rfe1 h6 18. Qe4 Rc8 19. Bc2 Bxc4 20. Rec1 Bd5 21. Qg4
Kf8 22. Ba4 Bb6 23. Nxd4 Bxd4 24. Qxd4 Kg8 25. Qf4 Kh7 26. Bc2+ g6 27. Ba4 g5
28. Qf6 Qe7 29. Bc2+ Kg8 30. Bd3 Qxf6 31. exf6 Rd8 1-0